Giants, gods, & dragons : (Record no. 9389)

MARC details
000 -LEADER
fixed length control field 01913nam a22002177a 4500
003 - CONTROL NUMBER IDENTIFIER
control field GBCCL
005 - DATE AND TIME OF LATEST TRANSACTION
control field 20241126110711.0
008 - FIXED-LENGTH DATA ELEMENTS--GENERAL INFORMATION
fixed length control field 221111b ||||| |||| 00| 0 eng d
020 ## - INTERNATIONAL STANDARD BOOK NUMBER
International Standard Book Number 9781948014397
020 ## - INTERNATIONAL STANDARD BOOK NUMBER
International Standard Book Number 1948014394
040 ## - CATALOGING SOURCE
Transcribing agency GBC
082 ## - DEWEY DECIMAL CLASSIFICATION NUMBER
Classification number 236
Item number GIL
100 ## - MAIN ENTRY--PERSONAL NAME
Personal name Gilbert, Sharon K.
9 (RLIN) 16360
245 ## - TITLE STATEMENT
Title Giants, gods, & dragons :
Remainder of title exposing the fallen realm and the plot to ignite the final war of the ages /
Statement of responsibility, etc. Sharon K. Gilbert, Derek P. Gilbert
260 ## - PUBLICATION, DISTRIBUTION, ETC.
Place of publication, distribution, etc. Crane, MO,
Name of publisher, distributor, etc. Defender,
Date of publication, distribution, etc. 2020
300 ## - PHYSICAL DESCRIPTION
Extent xi, 267 pages :
Other physical details illustrations, maps ;
Dimensions 23 cm
505 ## - FORMATTED CONTENTS NOTE
Formatted contents note Foreword : All eyes are on prophecy<br/>Eyes of the dragon<br/>Part I : Beginnings. Ordo ab chao : that old dragon : the twisting serpent ; The influence of evil : in the garden of the Lord ; East of Eden ; The watchers : the genesis 6 incursion ; More lying rebels : the apkallu, Gilgamesh, and the seventy sons of El<br/>Part II : The times of the gentiles & our present age. The seventy weeks timeline ; A strange confluence of events ; The four beasts of gentile history ; The four corners of the Earth<br/>Part III : Unveiling the future and the end of time. The seven seals ; The sound of hoofbeats ; Rider one : conquest ; Rider two : war ; Rider three : famine ; Rider four and five : death and Hades
505 ## - FORMATTED CONTENTS NOTE
Formatted contents note "Giants are real. The small-g "gods" of the pagans are real. Dragons are real. And they're preparing for the final war with God. Giants, Gods, and Dragons is a fresh look at the end of days, drawing on the worldview of the prophets and apostles, who understood that the spirit realm is far more real than we've been taught. Derek P. Gilbert and Sharon K. Gilbert connect the dots between history, archaeology, and Bible prophecy to reveal long-lost information about the imminent, end-times showdown between the fallen realm and the Kingdom of God."
650 ## - SUBJECT ADDED ENTRY--TOPICAL TERM
Topical term or geographic name entry element Prophecy Christianity
9 (RLIN) 16361
942 ## - ADDED ENTRY ELEMENTS (KOHA)
Source of classification or shelving scheme Dewey Decimal Classification
Koha item type Books
Koha issues (borrowed), all copies 1
Holdings
Withdrawn status Lost status Source of classification or shelving scheme Damaged status Not for loan Home library Current Library Shelving location Date acquired Total checkouts Full call number Barcode Date last seen Date last checked out Copy number Price effective from Koha item type
    Dewey Decimal Classification     GRACE BIBLE COLLEGE GRACE BIBLE COLLEGE Theology 2022-11-11 1 236 GIL 015815 2025-05-01 2024-09-27 c.1 2022-11-11 Books
© Grace Bible College Library 2025